000 00269nam a22001217a 4500
008 170621b xxu||||| |||| 00| 0 eng d
041 _aeng
080 _a94
100 _a18
101 _aSHH
245 _aWAR AND PEACE NUCLEARE AGE
_cNEWHOUSE.J
942 _2udc
_cBK
999 _c18406
_d18406